Theory of planning by learning : Zambian national nutrition planning experience /

Bibliographic Details
Main Author: Kwofie, Kwame Mayer
Format: Thesis Microform Book
Language:English
Published: [Place of publication not identified] : [publisher not identified] ; 1984.
Subjects:

MARC

Tag First Indicator Second Indicator Subfields
LEADER 00000cam a2200000 a 4500
001 in00000014765
005 20151007052900.0
007 he amb|||||||
008 880603r19841984miua bb 00010 eng d
035 |a (OCoLC)18034521 
035 |9 AAA9563AM 
040 |a TXA  |c TXA  |d UtOrBLW 
043 |a f-za--- 
049 |a TXAI 
099 |a fiche  |a C  |a 8377 
100 1 |a Kwofie, Kwame Mayer. 
245 1 0 |a Theory of planning by learning :  |b Zambian national nutrition planning experience /  |c by Kwame Mayer Kwofie. 
264 1 |a [Place of publication not identified] :  |b [publisher not identified] ;  |c 1984. 
300 |a xv, 273 leaves :  |b illustrations 
336 |a text  |b txt  |2 rdacontent 
337 |a microform  |b h  |2 rdamedia 
338 |a microfiche  |b he  |2 rdacarrier 
502 |b Ph. D.  |c University of Michigan  |d 1984. 
504 |a Bibliography: leaves 260-273. 
533 |a Microfiche.  |b Ann Arbor, Mich. :  |c University Microfilms International,  |d 1984.  |e 4 microfiches ; 11 x 15 cm. 
500 |a Microform. 
650 0 |a Planning. 
650 0 |a Nutrition policy  |z Zambia. 
999 |a MARS 
999 f f |s 8f1903fb-b069-3e2d-952f-f3b13a665303  |i 44f79769-59f4-3645-a2c6-90dee4e2f97d  |t 0 
952 f f |p normal  |a Texas A&M University  |b College Station  |c Sterling C. Evans Library  |d Evans: Microforms (3rd floor)  |t 0  |e fiche C 8377  |h Other scheme  |i microform -- microfiche  |m A14822821623 
998 f f |a fiche C 8377  |t 0  |l Evans: Microforms (3rd floor)